[Event "candidates (w)"]
[Site "Malmo SWE"]
[Date "1986.02.??"]
[Round "1"]
[White "Levitina, Irina"]
[Black "Semenova, Lidia"]
[Result "1/2-1/2"]
[WhiteElo "2340"]
[BlackElo "2260"]
[EventDate "1986.02.01"]
[PlyCount "116"]

1.d4 d5 2.Nf3 Nf6 3.c4 c6 4.Nc3 dxc4 5.a4 Bf5 6.e3 e6 7.Bxc4 Bb4 8.O-O 
Nbd7 9.Qe2 Bg6 10.e4 O-O 11.Bd3 Bh5 12.e5 Nd5 13.Nxd5 cxd5 14.Qe3 Bxf3 15.
Qxf3 Nb8 16.Qg4 Re8 17.Bh6 Bf8 18.b4 f5 19.exf6 Qxf6 20.Bg5 Qf7 21.b5 Nd7 
22.Rac1 Bd6 23.Bb1 Rac8 24.Qh3 Nf8 25.Bd2 Bf4 26.Qd3 Bxd2 27.Qxd2 Qd7 28.
g3 Rxc1 29.Rxc1 Rc8 30.Rc2 Rxc2 31.Qxc2 Qd8 32.Qc3 Kf7 33.Bd3 Ke8 34.a5 g6
35.Bf1 Kd7 36.Qc5 b6 37.axb6 axb6 38.Qc6+ Ke7 39.Qb7+ Nd7 40.Bh3 Qf8 41.
Qc6 Qf6 42.Qc3 Kf7 43.Qc7 Ke7 44.Qc6 h5 45.Qc3 Kf7 46.Bg2 h4 47.Qc6 Ke7 
48.Bh3 hxg3 49.hxg3 g5 50.Qc3 Qg6 51.Qa3+ Kd8 52.Qe3 Ke7 53.Bf1 Kd6 54.
Qa3+ Kc7 55.Qc3+ Kd6 56.Bd3 Qf6 57.Kg2 Qg7 58.Bc2 Qf6 1/2-1/2

[Event "candidates (w)"]
[Site "Malmo SWE"]
[Date "1986.02.??"]
[Round "1"]
[White "Cramling, Pia"]
[Black "Akhmilovskaya, Elena"]
[Result "0-1"]
[WhiteElo "2400"]
[BlackElo "2305"]
[EventDate "1986.02.01"]
[PlyCount "128"]

1.d4 Nf6 2.c4 e6 3.Nf3 Bb4+ 4.Nbd2 d5 5.e3 O-O 6.Bd3 c5 7.O-O Nc6 8.Nb3 
cxd4 9.exd4 dxc4 10.Bxc4 b6 11.Qe2 Bb7 12.Bg5 Be7 13.Rad1 Nd5 14.Bd2 Bf6 
15.Qe4 Rc8 16.Bd3 g6 17.Bh6 Bg7 18.Bg5 Bf6 19.Bh6 Re8 20.h4 Qe7 21.Qg4 Bg7
22.Bxg7 Kxg7 23.Ne5 Red8 24.Bb1 Qf6 25.Rfe1 h5 26.Qg3 Nce7 27.Nd2 Nf5 28.
Bxf5 Qxf5 29.Qf3 Qxf3 30.Ndxf3 Rc2 31.Ng5 Rf8 32.Rd3 Nf4 33.Ra3 a6 34.Rc3 
Rxc3 35.bxc3 f6 36.g3 fxg5 37.gxf4 gxf4 38.Rb1 b5 39.a4 Be4 40.Re1 Bd5 41.
Nd7 Rf5 42.axb5 axb5 43.Nb6 Kf6 44.Nd7+ Ke7 45.Ne5 g5 46.Kh2 g4 47.Rb1 Bc4
48.Rb4 Kd6 49.Nxc4+ bxc4 50.Rxc4 Ra5 51.Rc8 Kd5 52.Kg2 Ra2 53.Rc5+ Ke4 54.
Rxh5 g3 55.Re5+ Kd3 56.Rxe6 Rxf2+ 57.Kg1 Rc2 58.Rf6 Ke4 59.Re6+ Kf3 60.Re1
Rg2+ 61.Kf1 Rh2 62.Kg1 Rxh4 63.Rf1+ Kg4 64.d5 f3 0-1

[Event "candidates (w)"]
[Site "Malmo SWE"]
[Date "1986.02.??"]
[Round "1"]
[White "Alexandria, Nana"]
[Black "Litinskaya, Marta"]
[Result "0-1"]
[WhiteElo "2310"]
[BlackElo "2275"]
[EventDate "1986.02.01"]
[PlyCount "60"]

1.d4 Nf6 2.c4 e6 3.Nf3 b6 4.Nc3 Bb7 5.a3 g6 6.Qc2 d5 7.cxd5 exd5 8.g3 Bg7 
9.Bf4 O-O 10.Bg2 Na6 11.O-O Qd7 12.b4 c5 13.bxc5 bxc5 14.Rab1 cxd4 15.Nb5 
Rfc8 16.Qb2 Ne4 17.Be5 Bxe5 18.Nxe5 Qe6 19.Qxd4 Nac5 20.Rfc1 Nb3 21.Rxc8+ 
Rxc8 22.Qb2 Ned2 23.Rd1 a6 24.Na7 Rc7 25.e3 Qf5 26.Nf3 Nxf3+ 27.Bxf3 Qxf3 
28.Qxb3 d4 29.Kf1 Qh1+ 30.Ke2 Bf3+ 0-1

[Event "candidates (w)"]
[Site "Malmo SWE"]
[Date "1986.02.??"]
[Round "2"]
[White "Akhmilovskaya, Elena"]
[Black "Levitina, Irina"]
[Result "1-0"]
[WhiteElo "2305"]
[BlackElo "2340"]
[EventDate "1986.02.01"]
[PlyCount "82"]

1.d4 Nf6 2.Nf3 g6 3.c4 Bg7 4.g3 O-O 5.Bg2 d5 6.O-O dxc4 7.Na3 c3 8.bxc3 c5
9.Ne5 Nc6 10.Nac4 Nd5 11.Bb2 Be6 12.Nxc6 bxc6 13.Ne5 Qc7 14.Nd3 Rab8 15.
Qc1 Qb6 16.c4 Nf6 17.dxc5 Qa6 18.Be5 Rbc8 19.Nb4 Qa4 20.Qc3 Rfd8 21.Rfc1 
Bh6 22.Bf4 Bg7 23.Qb3 Qxb3 24.axb3 Nh5 25.Rxa7 Nxf4 26.gxf4 Bb2 27.Rb1 Bf5
28.Rf1 Rd7 29.Rxd7 Bxd7 30.Nd3 Bd4 31.e3 Bf6 32.Ne5 Be8 33.Ra1 Kg7 34.Ra6 
g5 35.Nxc6 gxf4 36.exf4 Bxc6 37.Bxc6 Bd4 38.b4 Rb8 39.Bb5 Bc3 40.Ra4 Bd2 
41.Kg2 Bxf4 1-0

[Event "candidates (w)"]
[Site "Malmo SWE"]
[Date "1986.02.??"]
[Round "2"]
[White "Semenova, Lidia"]
[Black "Alexandria, Nana"]
[Result "1-0"]
[WhiteElo "2260"]
[BlackElo "2310"]
[EventDate "1986.02.01"]
[PlyCount "79"]

1.e4 c5 2.Nf3 d6 3.d4 cxd4 4.Nxd4 Nf6 5.Nc3 a6 6.Be3 e6 7.Be2 Be7 8.O-O 
Nc6 9.f4 O-O 10.a4 Qc7 11.Kh1 Re8 12.Bd3 Nb4 13.a5 Bd7 14.Nf3 Bc6 15.Nd4 
Rac8 16.Qf3 g6 17.Qe2 Bf8 18.Bf2 Nh5 19.Qd2 Bh6 20.Be3 e5 21.Nxc6 bxc6 22.
fxe5 Bxe3 23.Qxe3 dxe5 24.Rf2 Nxd3 25.Qxd3 Qb7 26.Qc4 Rcd8 27.Raf1 Re7 28.
Qc5 Rd4 29.g3 Qc7 30.Rd1 Red7 31.Re1 Ng7 32.Qa3 Ne6 33.Kg2 h5 34.h4 Qd8 
35.Re3 Rd2 36.Ree2 R7d4 37.Qa1 Kg7 38.Qf1 Qd7 39.Rxd2 Rxd2 40.Qxa6 1-0

[Event "candidates (w)"]
[Site "Malmo SWE"]
[Date "1986.02.??"]
[Round "2"]
[White "Wu Mingqian"]
[Black "Cramling, Pia"]
[Result "1-0"]
[WhiteElo "2145"]
[BlackElo "2400"]
[EventDate "1986.02.01"]
[PlyCount "79"]

1.e4 c5 2.Nf3 d6 3.d4 cxd4 4.Nxd4 Nf6 5.Nc3 a6 6.Be2 e6 7.a4 Qc7 8.O-O Be7
9.Kh1 O-O 10.f4 Nc6 11.Bf3 Nxd4 12.Qxd4 e5 13.Qf2 exf4 14.Bxf4 Be6 15.Rfd1
Nd7 16.Nd5 Bxd5 17.Rxd5 Nb6 18.Rdd1 Nc4 19.b3 Ne5 20.c4 Rad8 21.Rd5 Bf6 
22.Rad1 Rfe8 23.Qg3 b6 24.Qf2 a5 25.Be3 Nd7 26.Rxd6 Be7 27.R6d5 Nc5 28.Qc2
Bd6 29.g3 Be5 30.Kg2 g6 31.Rxd8 Rxd8 32.Rd5 Re8 33.Qd1 Qe7 34.Bxc5 bxc5 
35.Rd7 Qf6 36.Qd5 Bd4 37.Rd6 Qe7 38.h4 h5 39.Rxg6+ Kf8 40.Rb6 1-0

[Event "candidates (w)"]
[Site "Malmo SWE"]
[Date "1986.02.??"]
[Round "2"]
[White "Brustman, Agnieszka"]
[Black "Litinskaya, Marta"]
[Result "0-1"]
[WhiteElo "2220"]
[BlackElo "2275"]
[EventDate "1986.02.01"]
[PlyCount "60"]

1.e4 e5 2.Nf3 Nc6 3.Bb5 a6 4.Ba4 Nf6 5.O-O Be7 6.Re1 b5 7.Bb3 d6 8.c3 O-O 
9.h3 Be6 10.d4 Bxb3 11.axb3 exd4 12.cxd4 d5 13.e5 Ne4 14.Nc3 f5 15.exf6 
Nxf6 16.Ne5 Nb4 17.Na2 Qe8 18.Bd2 Nxa2 19.Rxa2 Ne4 20.f3 Ng3 21.Nd3 Qf7 
22.Bb4 Rfe8 23.Bxe7 Rxe7 24.Ne5 Qf6 25.Qd3 Qf4 26.Rea1 Qxd4+ 27.Qxd4 Ne2+ 
28.Kf2 Nxd4 29.f4 Rf8 30.Rxa6 Rxe5 0-1

[Event "candidates (w)"]
[Site "Malmo SWE"]
[Date "1986.02.??"]
[Round "3"]
[White "Levitina, Irina"]
[Black "Wu Mingqian"]
[Result "1-0"]
[WhiteElo "2340"]
[BlackElo "2145"]
[EventDate "1986.02.01"]
[PlyCount "73"]

1.d4 d5 2.Nf3 Nf6 3.c4 c6 4.Nc3 dxc4 5.a4 Bf5 6.e3 e6 7.Bxc4 Bb4 8.O-O O-O
9.Qe2 Ne4 10.Na2 Be7 11.Bd3 Nd7 12.Qc2 Nd6 13.e4 Bg6 14.Be3 Ne8 15.Ne5 
Nef6 16.Nxg6 hxg6 17.Be2 Rc8 18.Nc3 c5 19.d5 exd5 20.exd5 a6 21.Bf4 Nh5 
22.Bxh5 gxh5 23.d6 Bg5 24.Bxg5 Qxg5 25.Rad1 Rce8 26.Nd5 Re6 27.Ne7+ Kh8 
28.Rd5 Qh6 29.Qd1 g6 30.Qb3 Qf4 31.Qxb7 Rxd6 32.Qc7 Rf6 33.Qxd7 Re6 34.
Qxe6 fxe6 35.Nxg6+ Kg7 36.Nxf4 exd5 37.Nxd5 1-0

[Event "candidates (w)"]
[Site "Malmo SWE"]
[Date "1986.02.??"]
[Round "3"]
[White "Alexandria, Nana"]
[Black "Akhmilovskaya, Elena"]
[Result "1-0"]
[WhiteElo "2310"]
[BlackElo "2305"]
[EventDate "1986.02.01"]
[PlyCount "89"]

1.d4 Nf6 2.c4 e6 3.Nf3 b6 4.Nc3 Bb7 5.a3 d5 6.cxd5 exd5 7.g3 Be7 8.Qa4+ c6
9.Ne5 O-O 10.Bg2 Nfd7 11.Nd3 Na6 12.O-O Nc7 13.Rd1 Re8 14.e4 dxe4 15.Bxe4 
Nd5 16.Bg2 Nxc3 17.bxc3 Qc7 18.Bf4 Bd6 19.Bxd6 Qxd6 20.Rac1 a5 21.Qb3 Re7 
22.Nf4 g5 23.Nd3 Rae8 24.Rb1 Ba6 25.Ne5 Nxe5 26.dxe5 Qxe5 27.Qxb6 Bb5 28.
Bxc6 Bxc6 29.Qxc6 Rc7 30.Qb5 Rc5 31.Qd7 Rc7 32.Qb5 Rc5 33.Qd7 h6 34.Rb7 
Qe6 35.Qxe6 Rxe6 36.Rd3 g4 37.Rd4 h5 38.c4 Re1+ 39.Kg2 Rc1 40.Rf4 f5 41.
Rb5 R1xc4 42.Rxf5 Rxb5 43.Rxb5 Ra4 44.Rxh5 Kf7 45.Rf5+ 1-0

[Event "candidates (w)"]
[Site "Malmo SWE"]
[Date "1986.02.??"]
[Round "3"]
[White "Litinskaya, Marta"]
[Black "Semenova, Lidia"]
[Result "1-0"]
[WhiteElo "2275"]
[BlackElo "2260"]
[EventDate "1986.02.01"]
[PlyCount "77"]

1.d4 d5 2.c4 c6 3.Nf3 dxc4 4.e3 b5 5.a4 e6 6.b3 Bb4+ 7.Bd2 Bxd2+ 8.Qxd2 
cxb3 9.axb5 Ne7 10.Qb2 O-O 11.Qxb3 Bb7 12.Nbd2 Nd7 13.Bd3 cxb5 14.Qxb5 Bc6
15.Qh5 Nf6 16.Qh3 Bxf3 17.Nxf3 Qd5 18.O-O Nc6 19.Rfc1 Rfc8 20.Rc5 Qb3 21.
Ba6 Ne4 22.Rcc1 Rc7 23.Qh4 Nc3 24.Ng5 h6 25.Ne4 Nb4 26.Bf1 Nc2 27.Nc5 Qb2 
28.Nd3 Qxa1 29.Rxa1 Nxa1 30.Nc5 Rb8 31.f3 Nd5 32.Na6 Rc1 33.Nxb8 Nxe3 34.
Qd8+ Kh7 35.Kf2 Nxf1 36.Nd7 h5 37.Nf8+ Kh6 38.h4 f6 39.Qe8 1-0

[Event "candidates (w)"]
[Site "Malmo SWE"]
[Date "1986.02.??"]
[Round "4"]
[White "Brustman, Agnieszka"]
[Black "Semenova, Lidia"]
[Result "0-1"]
[WhiteElo "2220"]
[BlackElo "2260"]
[EventDate "1986.02.01"]
[PlyCount "80"]

1.e4 g6 2.d4 Bg7 3.c3 d6 4.f4 Nf6 5.Bd3 O-O 6.Nf3 Nbd7 7.O-O c6 8.Qe2 e5 
9.fxe5 dxe5 10.Bg5 Qc7 11.Nbd2 h6 12.Bh4 Nh5 13.Bc2 exd4 14.cxd4 c5 15.Qc4
b5 16.Qxb5 cxd4 17.Bb3 Rb8 18.Qc4 Qb6 19.Qc1 g5 20.Bf2 Nf4 21.Nc4 Ne2+ 22.
Kh1 Nxc1 23.Nxb6 Nxb3 24.Nxd7 Nxa1 25.Nxb8 Nc2 26.Nc6 Ba6 27.Rd1 d3 28.
Nce5 Bxe5 29.Nxe5 f5 30.exf5 Rxf5 31.Nxd3 Bxd3 32.Rxd3 Rxf2 33.Kg1 Rf7 34.
a3 a5 35.h4 gxh4 36.Rd5 a4 37.Rc5 Ne3 38.Rc3 Rf1+ 39.Kh2 Re1 40.Rc6 h5 0-1

[Event "candidates (w)"]
[Site "Malmo SWE"]
[Date "1986.02.??"]
[Round "4"]
[White "Wu Mingqian"]
[Black "Alexandria, Nana"]
[Result "0-1"]
[WhiteElo "2145"]
[BlackElo "2310"]
[EventDate "1986.02.01"]
[PlyCount "82"]

1.e4 c5 2.Nf3 d6 3.d4 cxd4 4.Nxd4 Nf6 5.Nc3 a6 6.g3 e6 7.Bg2 Qc7 8.O-O Be7
9.a4 Nc6 10.Re1 O-O 11.Nb3 b6 12.f4 Rb8 13.Kh1 Bb7 14.Nd4 Rfe8 15.Be3 Bf8 
16.Qe2 Nb4 17.Rad1 Nd7 18.Nb3 Rbc8 19.Rd2 Qb8 20.Qf2 Ba8 21.Red1 Nf6 22.
Bxb6 Rxc3 23.bxc3 Nxe4 24.Bxe4 Bxe4+ 25.Kg1 Nd5 26.Bd4 Ne7 27.Ba7 Qc8 28.
Bd4 Ba8 29.Kf1 Qc4+ 30.Ke1 Qxa4 31.Re2 Nc6 32.Ra1 Qb5 33.Kd2 a5 34.Kc1 a4 
35.Nd2 Nxd4 36.cxd4 d5 37.Rb1 Qa6 38.Qe3 a3 39.f5 Bc6 40.fxe6 Rxe6 41.Rb8 
Rxe3 0-1

[Event "candidates (w)"]
[Site "Malmo SWE"]
[Date "1986.02.??"]
[Round "4"]
[White "Akhmilovskaya, Elena"]
[Black "Litinskaya, Marta"]
[Result "1/2-1/2"]
[WhiteElo "2305"]
[BlackElo "2275"]
[EventDate "1986.02.01"]
[PlyCount "32"]

1.d4 Nf6 2.c4 e6 3.Nf3 b6 4.g3 Ba6 5.b3 Bb4+ 6.Bd2 Be7 7.Bg2 c6 8.Bc3 d5 
9.Nbd2 O-O 10.O-O c5 11.Ne5 Bb7 12.dxc5 Bxc5 13.b4 Be7 14.Qc2 Nbd7 15.Qb2 
Rc8 16.Rfd1 Rc7 1/2-1/2

[Event "candidates (w)"]
[Site "Malmo SWE"]
[Date "1986.02.??"]
[Round "5"]
[White "Levitina, Irina"]
[Black "Brustman, Agnieszka"]
[Result "1-0"]
[WhiteElo "2340"]
[BlackElo "2220"]
[EventDate "1986.02.01"]
[PlyCount "75"]

1.d4 Nf6 2.Nf3 g6 3.Bg5 Bg7 4.Nbd2 d5 5.e3 O-O 6.Bd3 c5 7.c3 b6 8.O-O Bb7 
9.Qb1 Nbd7 10.Re1 Qc7 11.Bf4 Qc8 12.h3 Re8 13.a4 Nh5 14.Bh2 e5 15.Bb5 e4 
16.Ne5 Bxe5 17.dxe5 a6 18.Bxd7 Qxd7 19.c4 b5 20.Rd1 bxc4 21.Nxe4 Qe6 22.
Nd6 Re7 23.Qc2 Rf8 24.e4 dxe4 25.Nxc4 Rd7 26.Rxd7 Qxd7 27.Rd1 Qe7 28.Nd6 
Bc6 29.Nxe4 Bxe4 30.Qxe4 Rd8 31.Qe2 Rxd1+ 32.Qxd1 Ng7 33.Qd6 Qe6 34.Qxc5 
Qd7 35.Bg3 Qxa4 36.Qc8+ Ne8 37.e6 f6 38.Qd7 1-0

[Event "candidates (w)"]
[Site "Malmo SWE"]
[Date "1986.02.??"]
[Round "5"]
[White "Semenova, Lidia"]
[Black "Akhmilovskaya, Elena"]
[Result "0-1"]
[WhiteElo "2260"]
[BlackElo "2305"]
[EventDate "1986.02.01"]
[PlyCount "112"]

1.e4 c5 2.Nf3 Nc6 3.d4 cxd4 4.Nxd4 g6 5.Be2 Bg7 6.Nb3 Nf6 7.Nc3 O-O 8.O-O 
d6 9.Be3 Be6 10.f4 Na5 11.Rf2 Nc4 12.Bc1 Rc8 13.g4 d5 14.f5 Bd7 15.exd5 
gxf5 16.gxf5 Kh8 17.Bxc4 Rxc4 18.Qd3 Rg4+ 19.Kf1 b5 20.h3 Rh4 21.Nc5 b4 
22.Ne2 Bc8 23.Bg5 Rh5 24.Bxf6 Bxf6 25.c4 bxc3 26.bxc3 Qb6 27.Nb3 Ba6 28.
Qf3 Rg5 29.Rc1 Rfg8 30.c4 Rc8 31.Qd3 Qc7 32.Nd2 Rgg8 33.Qe4 Qa5 34.Rc2 Bg5
35.Nf4 Bf6 36.Rf3 Qc5 37.Ne2 Bg5 38.Nb3 Qb4 39.Rfc3 Bf6 40.a3 Qxa3 41.Nbd4
Qd6 42.Nf4 Qc5 43.Nfe2 Rb8 44.Nf3 Rb1+ 45.Rc1 Bxc3 46.Rxb1 Bxc4 47.Rc1 
Bxe2+ 48.Qxe2 Qb4 49.Qe3 Bf6 50.Rd1 Qb8 51.d6 exd6 52.h4 a5 53.Rd5 Qb1+ 
54.Kf2 Qh1 55.Ke2 Rg2+ 56.Kd3 Qb1+ 0-1

[Event "candidates (w)"]
[Site "Malmo SWE"]
[Date "1986.02.??"]
[Round "5"]
[White "Alexandria, Nana"]
[Black "Cramling, Pia"]
[Result "1-0"]
[WhiteElo "2310"]
[BlackElo "2400"]
[EventDate "1986.02.01"]
[PlyCount "81"]

1.d4 Nf6 2.c4 c5 3.d5 b5 4.cxb5 a6 5.f3 d6 6.e4 g6 7.a4 Bg7 8.Na3 O-O 9.
Ne2 Ne8 10.Ng3 Nd7 11.Be2 axb5 12.axb5 Nb6 13.O-O Nc7 14.Rb1 f5 15.Bd3 e6 
16.dxe6 Bxe6 17.exf5 gxf5 18.Qc2 Qd7 19.Kh1 Ncd5 20.Bd2 Kh8 21.f4 Nb4 22.
Bxb4 cxb4 23.Nc4 Bxc4 24.Bxc4 Rac8 25.b3 d5 26.Rbd1 Qe6 27.Qe2 Qxe2 28.
Bxe2 Rc3 29.Rd3 d4 30.Rfd1 Nd5 31.Nh5 Rxd3 32.Bxd3 Bh6 33.g3 Ne3 34.Ra1 
Rb8 35.Kg1 Bf8 36.Ra7 Bc5 37.Rc7 Bb6 38.Rc6 Bd8 39.Rd6 Ra8 40.h3 Bc7 41.
Rd7 1-0

[Event "candidates (w)"]
[Site "Malmo SWE"]
[Date "1986.02.??"]
[Round "5"]
[White "Litinskaya, Marta"]
[Black "Wu Mingqian"]
[Result "1-0"]
[WhiteElo "2275"]
[BlackElo "2145"]
[EventDate "1986.02.01"]
[PlyCount "79"]

1.d4 d5 2.c4 c6 3.Nf3 Nf6 4.Qc2 g6 5.Bf4 Bg7 6.e3 Bf5 7.Qb3 Qb6 8.c5 Qxb3 
9.axb3 Nbd7 10.h3 h5 11.Nc3 Ne4 12.b4 Bf6 13.Ra3 g5 14.Nxe4 dxe4 15.Nxg5 
e5 16.dxe5 Nxe5 17.h4 O-O 18.f3 exf3 19.gxf3 Rfe8 20.e4 Nxf3+ 21.Rxf3 Bxe4
22.Nxe4 Rxe4+ 23.Kf2 Rxb4 24.b3 b5 25.Bd3 Rd8 26.Bc7 Rdd4 27.Rg1+ Bg7 28.
Rxg7+ Kxg7 29.Be5+ Kg8 30.Bxd4 Rxd4 31.Ke3 Rxh4 32.Be4 a5 33.Bxc6 a4 34.
Bd5 axb3 35.c6 b2 36.c7 b1=Q 37.c8=Q+ Kg7 38.Rxf7+ Kg6 39.Qg8+ Kh6 40.Qg7#
1-0

[Event "candidates (w)"]
[Site "Malmo SWE"]
[Date "1986.02.??"]
[Round "6"]
[White "Brustman, Agnieszka"]
[Black "Akhmilovskaya, Elena"]
[Result "0-1"]
[WhiteElo "2220"]
[BlackElo "2305"]
[EventDate "1986.02.01"]
[PlyCount "96"]

1.e4 e5 2.Nf3 Nc6 3.Bb5 a6 4.Ba4 Nf6 5.O-O Be7 6.Re1 b5 7.Bb3 d6 8.c3 O-O 
9.h3 Nb8 10.d4 Nbd7 11.Nbd2 Bb7 12.Bc2 Re8 13.b4 Bf8 14.a4 Nb6 15.a5 Nbd7 
16.Bb2 Rb8 17.Re3 g6 18.Qe1 Bh6 19.Re2 Nh5 20.g3 Bg7 21.Rd1 Qe7 22.Ba1 c5 
23.d5 Rf8 24.Nh2 f5 25.f3 Rbc8 26.Ndf1 Rc7 27.Bb2 Bc8 28.Bc1 Qf7 29.Bd3 
Ndf6 30.g4 Nf4 31.Bxf4 exf4 32.gxf5 gxf5 33.Qh4 fxe4 34.fxe4 Nd7 35.Nf3 
Ne5 36.N1h2 Qf6 37.Qxf6 Bxf6 38.Rg2+ Kh8 39.Bb1 Bxh3 40.Rc2 Rg8+ 41.Kh1 
cxb4 42.Ng1 b3 43.Rf2 Rxc3 44.Nxh3 Rxh3 45.Rxf4 Ng4 46.Rd2 Rxh2+ 47.Rxh2 
Nxh2 48.Kxh2 Be5 0-1

[Event "candidates (w)"]
[Site "Malmo SWE"]
[Date "1986.02.??"]
[Round "6"]
[White "Cramling, Pia"]
[Black "Litinskaya, Marta"]
[Result "0-1"]
[WhiteElo "2400"]
[BlackElo "2275"]
[EventDate "1986.02.01"]
[PlyCount "80"]

1.d4 Nf6 2.Nf3 b6 3.e3 Bb7 4.Bd3 e6 5.O-O Be7 6.b3 O-O 7.Bb2 c5 8.Qe2 cxd4
9.exd4 Nc6 10.a3 Rc8 11.Nbd2 d5 12.Ng5 Re8 13.f4 Bf8 14.Rae1 g6 15.Ndf3 
Rc7 16.Ne5 Bg7 17.Qe3 Qc8 18.Qh3 Nd8 19.Qh4 h6 20.Ngf3 Ne4 21.c4 Nc6 22.
cxd5 exd5 23.b4 Ne7 24.Rc1 f6 25.Ng4 Nf5 26.Qh3 h5 27.Nf2 Nfd6 28.Rxc7 
Qxc7 29.Rc1 Qe7 30.Nh4 Qf7 31.Qf3 f5 32.Qh3 Nc4 33.Bxc4 dxc4 34.Nf3 c3 35.
Ba1 Qb3 36.Ne5 Qxa3 37.Qe3 Nxf2 38.Kxf2 Qa2+ 39.Qe2 Qd5 40.Kg3 Qxd4 0-1

[Event "candidates (w)"]
[Site "Malmo SWE"]
[Date "1986.02.??"]
[Round "7"]
[White "Litinskaya, Marta"]
[Black "Levitina, Irina"]
[Result "1/2-1/2"]
[WhiteElo "2275"]
[BlackElo "2340"]
[EventDate "1986.02.01"]
[PlyCount "85"]

1.d4 e6 2.c4 f5 3.Nf3 Nf6 4.g3 d5 5.Bg2 Bd6 6.O-O c6 7.b3 Qe7 8.Qc2 O-O 9.
Bb2 b6 10.Nbd2 Bb7 11.Ne5 Na6 12.Ndf3 Rac8 13.cxd5 cxd5 14.Qb1 Nb4 15.Rc1 
Rxc1+ 16.Qxc1 Rc8 17.Qd1 Ne4 18.a3 Nc2 19.Rc1 Nxa3 20.Rxc8+ Bxc8 21.Qc1 
Bb7 22.Nc6 Qc7 23.Nxa7 Qxc1+ 24.Bxc1 Nc2 25.Nb5 Bb8 26.Na3 Na1 27.b4 Bd6 
28.b5 Nb3 29.Bb2 Bxa3 30.Bxa3 Nc3 31.e3 Nxb5 32.Be7 Nc3 33.Bf1 Na5 34.Ne5 
Nc6 35.Nxc6 Bxc6 36.Bd8 b5 37.Ba5 Ne4 38.Bb4 Kf7 39.f3 Nf6 40.Kf2 g5 41.
Bd3 h6 42.Ke1 Bd7 43.Kd2 1/2-1/2

[Event "candidates (w)"]
[Site "Malmo SWE"]
[Date "1986.02.??"]
[Round "7"]
[White "Alexandria, Nana"]
[Black "Brustman, Agnieszka"]
[Result "1/2-1/2"]
[WhiteElo "2310"]
[BlackElo "2220"]
[EventDate "1986.02.01"]
[PlyCount "100"]

1.d4 Nf6 2.c4 g6 3.Nc3 Bg7 4.e4 d6 5.Nf3 O-O 6.Be2 e5 7.O-O Nc6 8.d5 Ne7 
9.Nd2 a5 10.a3 c5 11.Rb1 Ne8 12.b4 axb4 13.axb4 b6 14.bxc5 bxc5 15.Nb3 f5 
16.f3 f4 17.Bd2 Kh8 18.Ra1 Rxa1 19.Qxa1 Ng8 20.Na5 Qh4 21.Rb1 g5 22.Rb8 
Bd7 23.Be1 Qh5 24.Rd8 Ngf6 25.Qd1 Qg6 26.Nc6 g4 27.Nb8 gxf3 28.Bxf3 Bg4 
29.Kh1 Rg8 30.Nc6 Bf8 31.Qe2 Bxf3 32.Qxf3 Ng4 33.Bf2 Nef6 34.Bg1 Nh5 35.
Bf2 Nxf2+ 36.Qxf2 Qh6 37.Kg1 Nf6 38.h3 Qh5 39.Kf1 Qg5 40.Qf3 Qg6 41.Ke1 h5
42.Ra8 Nh7 43.Ra2 Ng5 44.Qd3 f3 45.gxf3 Nxh3 46.Qf1 Qg3+ 47.Kd1 Bh6 48.Ne7
Qg5 49.Nxg8 Qc1+ 50.Ke2 Qe3+ 1/2-1/2

[Event "candidates (w)"]
[Site "Malmo SWE"]
[Date "1986.02.??"]
[Round "7"]
[White "Semenova, Lidia"]
[Black "Cramling, Pia"]
[Result "0-1"]
[WhiteElo "2260"]
[BlackElo "2400"]
[EventDate "1986.02.01"]
[PlyCount "78"]

1.Nf3 c5 2.g3 Nc6 3.Bg2 g6 4.O-O Bg7 5.e4 e5 6.d3 d6 7.c3 Nge7 8.Be3 O-O 
9.Na3 h6 10.Qd2 g5 11.h4 g4 12.Nh2 Kh7 13.Nc2 f5 14.exf5 Bxf5 15.f3 gxf3 
16.Rxf3 Qd7 17.Raf1 Bg6 18.g4 Rxf3 19.Bxf3 Ng8 20.h5 Bf7 21.g5 hxg5 22.
Bxg5 d5 23.Ne3 Be6 24.Neg4 Nge7 25.Bf6 Ng8 26.Bh4 Rf8 27.Qg5 Qe8 28.Qe3 
Nh6 29.Nxh6 Bxh6 30.Qxc5 Bh3 31.Rf2 Rf4 32.Bxd5 Rxh4 33.Rf7+ Kh8 34.Qd6 
Qg8+ 35.Kh1 Qg5 36.Qf6+ Qxf6 37.Rxf6 Bf4 38.Rf8+ Kg7 39.Rf7+ Kh6 0-1

[Event "candidates (w)"]
[Site "Malmo SWE"]
[Date "1986.02.??"]
[Round "7"]
[White "Akhmilovskaya, Elena"]
[Black "Wu Mingqian"]
[Result "1-0"]
[WhiteElo "2305"]
[BlackElo "2145"]
[EventDate "1986.02.01"]
[PlyCount "79"]

1.Nf3 d5 2.g3 Bf5 3.Bg2 c6 4.c4 e6 5.O-O Be7 6.d3 Nd7 7.cxd5 cxd5 8.Qb3 
Nc5 9.Qb5+ Qd7 10.Qxd7+ Nxd7 11.Nd4 Bg6 12.Nb5 Kd8 13.e4 a6 14.Nd4 Ngf6 
15.Nc3 e5 16.Nf5 d4 17.Ne2 Bf8 18.f4 Bh5 19.fxe5 Bxe2 20.Rf2 Bxd3 21.exf6 
gxf6 22.Nxd4 Bc5 23.Be3 Re8 24.Rf4 Re5 25.Rd1 Be2 26.Rd2 Bh5 27.Bh3 Rc8 
28.Bxd7 Kxd7 29.Nb3+ Ke6 30.Bxc5 Rcxc5 31.Nxc5+ Rxc5 32.Kf2 Bg6 33.Ke3 Rc1
34.Rdf2 Ke5 35.Rxf6 Re1+ 36.Kd2 Rxe4 37.R6f4 f6 38.Rxf6 Rd4+ 39.Ke2 Bd3+ 
40.Ke3 1-0

[Event "candidates (w)"]
[Site "Malmo SWE"]
[Date "1986.02.??"]
[Round "8"]
[White "Litinskaya, Marta"]
[Black "Alexandria, Nana"]
[Result "0-1"]
[WhiteElo "2275"]
[BlackElo "2310"]
[EventDate "1986.02.01"]
[PlyCount "84"]

1.d4 Nf6 2.c4 e6 3.Nf3 b6 4.g3 Ba6 5.Qa4 Bb7 6.Bg2 c5 7.O-O cxd4 8.Nxd4 
Bxg2 9.Kxg2 Qc8 10.Rd1 Be7 11.Nc3 O-O 12.Bg5 a6 13.Rd3 Ra7 14.Bf4 Nh5 15.
Bd2 Rc7 16.Qb3 Rxc4 17.e4 b5 18.Qd1 Nf6 19.f3 d6 20.Qe2 Nbd7 21.Be1 Qb8 
22.Nc2 Rfc8 23.Ne3 R4c6 24.Rad1 Nb6 25.Rd4 Bf8 26.g4 Nfd7 27.Nb1 Nc4 28.
Nxc4 Rxc4 29.Rxc4 bxc4 30.Bg3 Rc6 31.Rd2 h6 32.Nc3 Qb4 33.Nd1 Qb7 34.Ne3 
Nb6 35.Rd4 Qc7 36.Nc2 a5 37.Na3 Qb7 38.Qd2 d5 39.Qxa5 dxe4 40.Rxe4 c3 41.
bxc3 Nd5 42.Re2 Rxc3 0-1

[Event "candidates (w)"]
[Site "Malmo SWE"]
[Date "1986.02.??"]
[Round "8"]
[White "Akhmilovskaya, Elena"]
[Black "Cramling, Pia"]
[Result "1/2-1/2"]
[WhiteElo "2305"]
[BlackElo "2400"]
[EventDate "1986.02.01"]
[PlyCount "81"]

1.d4 Nf6 2.Nf3 c5 3.d5 d6 4.Nc3 Qa5 5.Bg5 b5 6.Bxf6 exf6 7.e4 a6 8.a4 b4 
9.Nb1 Qc7 10.Nbd2 f5 11.Bc4 Be7 12.O-O O-O 13.Re1 Bf6 14.Qc1 a5 15.c3 g6 
16.Qc2 Bg7 17.Rac1 fxe4 18.Qxe4 bxc3 19.bxc3 Nd7 20.Bb5 Nf6 21.Qd3 Bf5 22.
Qc4 Rab8 23.Nd4 Bd7 24.Bxd7 Nxd7 25.Nb5 Qb6 26.Qe4 Nf6 27.Qf3 Qb7 28.Ne4 
Nxe4 29.Qxe4 Rbd8 30.Re2 Be5 31.f4 Bf6 32.Rce1 Kg7 33.g4 h6 34.Kg2 Qd7 35.
Qf3 Bh4 36.Rd1 Rfe8 37.Rdd2 Bf6 38.Rxe8 Rxe8 39.Re2 Rxe2+ 40.Qxe2 g5 41.f5
1/2-1/2

[Event "candidates (w)"]
[Site "Malmo SWE"]
[Date "1986.02.??"]
[Round "9"]
[White "Alexandria, Nana"]
[Black "Semenova, Lidia"]
[Result "1-0"]
[WhiteElo "2310"]
[BlackElo "2260"]
[EventDate "1986.02.01"]
[PlyCount "82"]

1.d4 d5 2.c4 c6 3.Nf3 Nf6 4.Nc3 dxc4 5.a4 Bg4 6.Ne5 Bh5 7.f3 Nfd7 8.Nxc4 
e5 9.Ne4 Bb4+ 10.Bd2 Qe7 11.dxe5 O-O 12.Ng3 Rd8 13.f4 Bg4 14.Qb3 Bxd2+ 15.
Nxd2 Nc5 16.Qc3 b5 17.axb5 cxb5 18.e3 Rc8 19.Be2 Bxe2 20.Nxe2 Qh4+ 21.Ng3 
Qd8 22.Ke2 Na4 23.Qd4 Qh4 24.Rhc1 Rd8 25.Nf3 Rxd4 26.Nxh4 Rd8 27.b3 Nb6 
28.Nhf5 N8d7 29.Nd4 Kf8 30.Ne4 a6 31.Nd6 Nb8 32.e4 Rd7 33.Ke3 Ke7 34.Rc2 
f6 35.N6f5+ Kf8 36.e6 Rb7 37.e7+ Rxe7 38.Nxe7 Kxe7 39.Nxb5 N8d7 40.Nc7 Rc8
41.Rac1 a5 1-0

[Event "candidates (w)"]
[Site "Malmo SWE"]
[Date "1986.02.??"]
[Round "9"]
[White "Cramling, Pia"]
[Black "Wu Mingqian"]
[Result "1/2-1/2"]
[WhiteElo "2400"]
[BlackElo "2145"]
[EventDate "1986.02.01"]
[PlyCount "82"]

1.d4 f5 2.Nf3 Nf6 3.g3 e6 4.Bg2 Be7 5.O-O d5 6.c4 c6 7.Nbd2 O-O 8.Qc2 Qe8 
9.Ne5 Qh5 10.Ndf3 Ne4 11.Ne1 Nd7 12.N1d3 Nxe5 13.Nxe5 Bd6 14.Bf3 Qh3 15.
Bg2 Qh5 16.Nd3 g5 17.Bf3 Qg6 18.b3 Qg7 19.Bb2 Bd7 20.Rad1 Be8 21.Bg2 Bg6 
22.Nc5 Nxc5 23.dxc5 Be5 24.Bxe5 Qxe5 25.cxd5 exd5 26.f4 Qe3+ 27.Rf2 Rae8 
28.Rd3 Qe7 29.Bf3 h6 30.Qc3 Qg7 31.Qxg7+ Kxg7 32.e3 Re7 33.Rc2 Be8 34.Kf2 
Kf6 35.b4 a6 36.Rc1 Bd7 37.Rd4 Rfe8 38.Rc3 g4 39.Bg2 h5 40.Rd1 h4 41.Rd4 
Rh8 1/2-1/2

[Event "candidates (w)"]
[Site "Malmo SWE"]
[Date "1986.02.??"]
[Round "9"]
[White "Levitina, Irina"]
[Black "Akhmilovskaya, Elena"]
[Result "0-1"]
[WhiteElo "2340"]
[BlackElo "2305"]
[EventDate "1986.02.01"]
[PlyCount "76"]

1.d4 Nf6 2.Nf3 d5 3.c4 e6 4.Nc3 Be7 5.Bg5 h6 6.Bh4 O-O 7.e3 b6 8.Rc1 Bb7 
9.Bxf6 Bxf6 10.cxd5 exd5 11.Bd3 Nd7 12.Nb5 c5 13.Nd6 Bc6 14.Nf5 Re8 15.Bb1
Nf8 16.b3 Ne6 17.Qc2 g6 18.Nxh6+ Kg7 19.Nxf7 Kxf7 20.Qxg6+ Ke7 21.Bf5 Qd6 
22.g4 Rg8 23.Qh7+ Rg7 24.Qh6 Rf7 25.g5 Bg7 26.Qh3 Bd7 27.g6 Ng5 28.Nxg5 
Rxf5 29.Qg2 Qxg6 30.h4 cxd4 31.exd4 Bxd4 32.Rc2 Kf8 33.O-O Bc5 34.Rd2 Re8 
35.Rxd5 Rxd5 36.Qxd5 Bc6 37.Qd2 Qf5 38.Kh2 Qe5+ 0-1